| 000 | 00994cam a22003015a 4500 | ||
|---|---|---|---|
| 001 | 18308248 | ||
| 005 | 20201128023733.0 | ||
| 008 | 140917t2016 maua frbd 001 0 eng d | ||
| 010 | _a 2014036791 | ||
| 020 | _a9781284075908 | ||
| 035 | _a(DNLM)101641445 | ||
| 040 |
_aDNLM/DLC _beng _cDLC _dDLC _dEG-ScBUE |
||
| 082 | 0 | 4 |
_a610.73068 _bPOR _222 |
| 100 | 1 |
_aPorter-O’Grady, Timothy. _939919 |
|
| 245 | 1 | 0 |
_aLeadership in nursing practice : _bchanging the landscape of health care / _cTim Porter O'Grady, Kathy Malloch. |
| 250 | _a2nd ed. | ||
| 260 |
_aBurlington : _bJones & Bartlett Learning, _cc.2016. |
||
| 300 |
_axix, 598 p. : _bill. (some col.) ; _c23 cm. |
||
| 500 | _aIndex : p. [575]-598. | ||
| 500 | _aGlossary : p. [565]-571. | ||
| 504 | _aIncludes bibliographical references. | ||
| 650 | 7 |
_aNurse Administrators. _2BUEsh _936320 |
|
| 650 | 7 |
_aLeadership. _2BUEsh _91000 |
|
| 651 | _2BUEsh | ||
| 653 |
_bNNUR _cMay2016 |
||
| 700 | 1 |
_aMalloch, Kathy. _939923 |
|
| 942 | _2ddc | ||
| 999 |
_c21700 _d21672 |
||